00351cam a22001334a 4500020002200000082000800022100002100030245002200051260004800073300002600121650001400147856004800161040000800209 a0486434796 (pbk.)00a5141 aWillard, Stephen10aGeneral Topology  aMineola, N.Y. :bDover Publications,c2016. axii, 369 p. :bill. ; 0aTopology.42uhttp://10.10.170.122:8080/browse/book/22964 cDLC